000
00303nam a22001337a 4500
008
180130b xxu||||| |||| 00| 0 eng d
020
_a
1560550775
041
_a
eng
080
_a
617
100
_a
8
101
_a
OFT
245
_a
Optics, refraction, and contact lenses
_c
Thall,E.H
942
_2
udc
_c
BK
999
_c
41281
_d
41281